00996nam a2200205 a 450000100100000000500170001000800410002702000150006804000250008308200130010810000370012124501660015826000620032430000360038649000800042250000730050283000870057595201110066299900170077300004173020201002035725.0131016s1974 sp a 000 0 spa d a8400039947 aDO-SdBNPbspacBNPHU axxxbxxx1 aLohmann Villena, Guillermo9314414aLos ministros de la Audencia de Lima en el Reinado de los Borbones (1700-1821) :besquema de un estudio sobre un núcleo dirigente /cGuillermo Lohmann Villena. aSevilla :bEscuela de Estudios Hispano-Americanos,c1974. acxxiv, 200 p., :bil. ;c25 cm.1 aPublicaciones de la Escuela de estudios hispano-americanos de Sevilla,v222 aIncluye referencias bibliográficas y notas al pie de las páginas 0aPublicaciones de la Escuela de estudios hispano-americanos de Sevilla,n222968568 001050718MOaGRbGRcCTd2013-10-16iLF1l0oxxx xxxp41730-10r2020-06-25w2020-06-25y1ZNo se presta c41219d41219